LEADER 00686nam0 2200229 450 001 000018138 005 20181015121013.0 100 $a20081024d1921----km-y0itay50------ba 101 0 $aita 102 $aIT 105 $aaf------001yy 200 1 $a<>speculazione economica$fSaccā Francesco 210 $aPalmi$cTip. A. Genovesi e F.$d1921 215 $aV, 174 p., [3] c. di tav.$d23 cm 500 10$a<>speculazione economica$934619 676 $a332.62$v18 700 1$aSaccā,$bFrancesco$0128044 801 0$aIT$bUNIPARTHENOPE$c20081024$gRICA$2UNIMARC 912 $a000018138 951 $a332.62/101$b13323$cNAVA4 996 $aSpeculazione economica$934619 997 $aUNIPARTHENOPE